Countries David Duchovny has Visited - Statistics

General Stats
  • This quiz has been taken 9 times
  • The average score is 16 of 17
Answer Stats
Continent Country % Correct
Oceania Australia
100%
Europe Italy
100%
Oceania New Zealand
100%
Asia/ Europe Russia
100%
Europe Spain
100%
Europe United Kingdom
100%
North America United States of America
100%
Europe Austria
89%
Europe France
89%
Europe Germany
89%
Europe Hungary
89%
Europe Ireland
89%
Europe Luxembourg
89%
Europe Netherlands
89%
Europe Poland
89%
Europe Romania
89%
Europe Switzerland
78%
No matching quizzes found
Score Distribution
Percent of People with Each Score
Percentile by Number Answered
Your Score History
You have not taken this quiz